La noche de los amadores : (Record no. 8246)
[ view plain ]
| 000 -CABECERA | |
|---|---|
| campo de control de longitud fija | 00966cam a2200217 a 4500 |
| 001 - NÚMERO DE CONTROL | |
| campo de control | 000008475 |
| 005 - FECHA Y HORA DE LA ÚLTIMA TRANSACCIÓN | |
| campo de control | 20200929161340.0 |
| 008 - DATOS DE LONGITUD FIJA--INFORMACIÓN GENERAL | |
| campo de control de longitud fija | 770311s1981 cr a 001 j spa |
| 040 ## - FUENTE DE LA CATALOGACIÓN | |
| Centro catalogador/agencia de origen | DO-SdBNP |
| Lengua de catalogación | spa |
| Centro/agencia transcriptor | DLC |
| Centro/agencia modificador | BNPHU |
| 082 ## - NÚMERO DE LA CLASIFICACIÓN DECIMAL DEWEY | |
| Número de clasificación | Ca863.44 |
| Número de documento/Ítem | R437n, 1981 |
| 049 ## - FONDOS LOCALES (OCLC) | |
| Fondos de biblioteca | BNGR |
| 100 1# - ENTRADA PRINCIPAL--NOMBRE DE PERSONA | |
| Nombre de persona | Retana, Marco, |
| Forma completa/desarrollada del nombre | (Marco Retana Padilla) |
| Fechas asociadas al nombre | 1938-1997 |
| 9 (RLIN) | 22787 |
| 245 13 - MENCIÓN DE TÍTULO | |
| Título | La noche de los amadores : |
| Resto del título | cuentos / |
| Mención de responsabilidad, etc. | Marco Retana. |
| 250 ## - MENCIÓN DE EDICIÓN | |
| Mención de edición | 2a ed. |
| 260 ## - PUBLICACIÓN, DISTRIBUCIÓN, ETC. | |
| Lugar de publicación, distribución, etc. | San José, (Costa Rica) : |
| Nombre del editor, distribuidor, etc. | Costa Rica, |
| Fecha de publicación, distribución, etc. | 1981. |
| 300 ## - DESCRIPCIÓN FÍSICA | |
| Extensión | 132 : |
| Otras características físicas | il. ; |
| Dimensiones | 21 cm. |
| 505 0# - NOTA DE CONTENIDO CON FORMATO | |
| Nota de contenido con formato | La noche de los amadores -- Mamita Casimira -- El hombre que no amaneció -- María de Santos -- Y aquí, ?dónde? -- La vuelta de las cabezas -- Los chiquillos -- Sesenta días de Matute -- No se aceptan vagos -- Servidor de usted -- El gato de Chou Li -- Manuela la de las flores. |
| 650 #4 - PUNTO DE ACCESO ADICIONAL DE MATERIA--TÉRMINO DE MATERIA | |
| Término de materia o nombre geográfico como elemento de entrada | Cuentros costarricenses |
| 9 (RLIN) | 22788 |
| 650 #4 - PUNTO DE ACCESO ADICIONAL DE MATERIA--TÉRMINO DE MATERIA | |
| Término de materia o nombre geográfico como elemento de entrada | Literatura costarricense |
| Subdivisión cronológica | SIGLO XX |
| 9 (RLIN) | 22789 |
| 910 ## - DATOS DE OPCIÓN DEL USUARIO (OCLC) | |
| Datos de opción del usuario | Catalogación derivada. |
| Estado de retiro | Estado de pérdida | Restricciones de uso | No para préstamo | Código de colección | Localización permanente | Ubicación/localización actual | Ubicación en estantería | Fecha de adquisición | Número de inventario | Total de préstamos | Signatura topográfica completa | Código de barras | Fecha visto por última vez | Precio válido a partir de | Tipo de ítem Koha |
|---|---|---|---|---|---|---|---|---|---|---|---|---|---|---|---|
| Préstamo interno | Monografías: Libros y Folletos | General | General | En catalogación | 16.09.2009 | LF1 | Ca863.44 R437n, 1981 | 8475-10 | 25.06.2020 | 25.06.2020 | Préstamo interno |
